The role of promotion in the OLED product category

Bibliográfiai részletek
Szerző: Takács György
További közreműködők: Hübner Andrea
Dokumentumtípus: Diplomadolgozat
Kulcsszavak:LG Electronics
Marketing
OLED
commerce, promotion
role of promotion
premium product
Online Access:http://dolgozattar.uni-bge.hu/13070

MARC

LEADER 00000nta a2200000 i 4500
001 dolg13070
005 20180219141316.0
008 171127suuuu hu om 000 eng d
040 |a BGE Dolgozattár Repozitórium  |b hun 
041 |a en 
100 1 |a Takács György 
245 1 4 |a The role of promotion in the OLED product category  |c Takács György  |h [elektronikus dokumentum] 
246 1 1 |a The role of promotion in the OLED product category 
695 |a LG Electronics 
695 |a Marketing 
695 |a OLED 
695 |a commerce, promotion 
695 |a role of promotion 
695 |a premium product 
700 1 |a Hübner Andrea  |e ths 
856 4 0 |u http://dolgozattar.uni-bge.hu/13070/1/Takacs%20Gyorgy%20_%20Dissertation_The%20role%20of%20promotion%20in%20the%20OLED%20product%20category.pdf  |z Dokumentum-elérés